| 000 | 00669cam a2200229I 4500 | ||
|---|---|---|---|
| 999 |
_c7217 _d7217 |
||
| 001 | 927214 | ||
| 003 | OSt | ||
| 005 | 20190130144715.0 | ||
| 008 | 740624|1963||||pau |000 0|eng u | ||
| 010 | _a62021163 | ||
| 040 |
_cCSU _dOCL _dDAY |
||
| 082 |
_a189.4 _bC592W |
||
| 090 |
_aB945.J24 _bC55 |
||
| 100 | 1 |
_aClark, Gordon H. _q(Gordon Haddon), _d1902-1985 |
|
| 245 | 0 | 0 | _aWilliam James |
| 260 |
_aPhiladelphia, _bPresbyterian and Reformed Pub. Co., _c1963 |
||
| 300 |
_a47p. _c23cm |
||
| 490 | 0 | _aInternational library of philosophy and theology. Modern thinkers series | |
| 504 | _aBibliography: p.[6] | ||
| 600 | 1 | 0 |
_aJames, William, _d1842-1910 |
| 942 |
_2ddc _cBK |
||